000 00607nam a22002177a 4500
003 OSt
005 20140310181917.0
008 130717t xxu||||| |||| 00| 0 eng d
020 _a0802479197
050 _aBT 738.5
_b.M444 1995
082 _aTR 658.4
_bM43 1995
100 _aMattson, Ralph
_91160
245 _aRedeemed ambition :
_bbalancing the drive to suceed in your work /
_cRalph T. Mattson.
260 _aChicago :
_bMoody Press,
_cc1995.
300 _a168 p. ;
_c23 cm.
521 _aFaculty
541 _j1
562 _e1
650 _aAmbition.
_91161
942 _2lcc
_cBK-TR
_kTR
999 _c6824
_d6824